000 003910000a22001570004500
020 _a958-6770-60-5
082 0 4 _aR 030 Z148s
110 1 _aZamora Editores Ltda.
245 1 0 _aMis primeras canciones favoritas / Zamora Editores
260 _aBogotá : Zamora
300 _a51 P.
505 0 0 _aCanciones, incluye partitura
650 1 4 _aLiteratura Infantil
001 312
942 _cLGB
999 _c47557
_d47557